000 00302nam a22001337a 4500
008 170301b xxu||||| |||| 00| 0 eng d
020 _a9780803601307
041 _aeng
080 _a61
100 _a6
101 _aSHM
245 _aMEDICAL GUIDE TO HEALTH ASSESSMENT
_cHOGSTEL, M.O
942 _2udc
_cBK
999 _c6493
_d6493